000 01073nam a2200217Ia 4500
003 Ost
005 20260507075734.0
008 260507s9999||||xx |||||||||||||| ||und||
040 _cfsecg
041 _aara
082 _a659.1
100 _aالصحن، محمد فريد
_eمؤلف
245 0 _aالإعلان /
_c محمد فريد الصحن
260 _aالاسكندرية:
_bالدار الجامعية,
_c2003
300 _a304 صفحة؛
_bإيضاحات ؛
_c24 سم
504 _aببليوغرافيا: ص.302
520 _aمفهوم وطبيعة الإعلان،الإعلان والتسويق،الإعلان ومفهوم الاتصالات التسويقية،أهداف الإعلان ووظائفه،مداخل ونماذج دراسة السلوك الاستهلاكي،بحوث الاعلان،الوسائل الإعلانية،الجوانب الفنية للإعلان،تخطيط الحملات الإعلانية،التنظيم الإداري للإعلان
653 _aالإعلان
653 _aالتسويق
942 _cكتاب
999 _c46072
_d46072